| 000 | 01515nam a22002297a 4500 | ||
|---|---|---|---|
| 999 |
_c56952 _d56952 |
||
| 003 | Ge_BSU | ||
| 005 | 20221221152431.0 | ||
| 008 | 190718s2019 ge ||||| |||| 00| 0 geo d | ||
| 041 | _ageo | ||
| 080 | _a811.353.1 გ-51 | ||
| 100 |
_aგიორგაძე, თინათინ. _93257 |
||
| 245 |
_aსლოგანების სინტაქსური სტრუქტურა და მათი ზემოქმედების გზები / _cთინათინ გიორგაძე ; სამეცნ. ხელმძღ. ნათია ფარტენაძე. |
||
| 264 |
_aთბილისი : _bბსუ, _c2019. |
||
| 300 |
_a154 გვ .: _bილ ; _c33 სმ. |
||
| 653 | _aსლოგანების სინტაქსური სტრუქტურა და მათი ზემოქმედების გზები | ||
| 653 | _a ქართული ენა | ||
| 653 | _aდისერტაცია | ||
| 700 |
_aფარტენაძე, ნათია _eსამეცნიერო ხელმძღვანელი _93258 |
||
| 710 |
_aბათუმის შოთა რუსთაველის სახელმწიფო უნივერსიტეტი ჰუმანიტარულ მეცნიერებათა ფაკულტეტი _93259 |
||
| 710 |
_aქართული ფილოლოგიის დეპარტამენტი _93191 |
||
| 942 |
_2udc _cDS |
||